000
00203nam a2200085Ia 4500
008
191206s9999 xx 000 0 und d
020
_a
44516
090
_a
QL362.B26
245
4
_a
The invertebrates :a synthesis
999
_c
17076
_d
17076